| 000 | 012260000a22002170004500 | ||
|---|---|---|---|
| 020 | _a84-610-4057-0 | ||
| 041 | 0 | _aSPA | |
| 082 | 0 | 4 | _aG 170.1 S1296c |
| 100 | 1 | _aSager, Clifford J. | |
| 245 | 1 | 0 | _aContrato matrimonial y terapia de pareja / Clifford Sager ; Zoraida J. Valcárcel, Traductor |
| 260 | _aBuenos Aires, Argentina : Amorrortu | ||
| 300 | _a331 Pag. | ||
| 500 | _aTítulo original : Marriage contracts and couple therapy. Hidden forces in intimate relationships. | ||
| 505 | 0 | 0 | _ael concepto de contrato matrimonial y sus aplicaciones en terapia -- el contrato individual -- el contrato de interacción -- empleo de los contratos en terapia -- los Smith: un matrimonio en transición -- perfiles de conducta -- combinaciones de cónyuges -- congruencia, complementariedad y conflicto -- principios y técnicas de la terapia -- el sexo en el matrimonio -- parejas en transición, en consolidación y en disolución -- aplicaciones generales y educación para el matrimonio |
| 650 | 1 | 4 | _aPSICOTERAPIA MARITAL \ CONFLICTO DE ROLES \ COMUNICACION - MATRIMONIO |
| 001 | 1208 | ||
| 942 | _cBK | ||
| 999 |
_c32532 _d32532 |
||
| 336 |
_atexto _btxt _2rdacontent |
||
| 337 |
_2rdamedia _asin mediación _bn |
||
| 338 |
_2rdacarrier _avolumen _bnc |
||